Mechanical engineer's data handbook (Record no. 82821)

MARC details
000 -LEADER
fixed length control field 00852nam a2200169 a 4500
008 - FIXED-LENGTH DATA ELEMENTS--GENERAL INFORMATION
fixed length control field 120416s1994 ||||||||||||||||| || u
020 ## - INTERNATIONAL STANDARD BOOK NUMBER
International Standard Book Number 0750619600
050 ## - LIBRARY OF CONGRESS CALL NUMBER
Classification number REF TD 51 Car
100 ## - MAIN ENTRY--PERSONAL NAME
Personal name Carvill, J
245 10 - TITLE STATEMENT
Title Mechanical engineer's data handbook
260 ## - PUBLICATION, DISTRIBUTION, ETC.
Place of publication, distribution, etc. Oxford
Name of publisher, distributor, etc. Butterworth-Heinemann
Date of publication, distribution, etc. 1994
350 ## -
-- 0.00
995 ## -
-- REFERENCE BOOKS
-- 0.00
-- 730567
-- CBU-MAIN LIBRARY (Kitwe)
-- 1
-- 30.00
-- TD 51 Car
-- REFERENCE
-- 027515
-- Reference Collection
995 ## -
-- REFERENCE BOOKS
-- 0.00
-- 730825
-- CBU-MAIN LIBRARY (Kitwe)
-- 2
-- 30.00
-- TD 51 Car
-- REFERENCE
-- 027979
-- Reference Collection
995 ## -
-- REFERENCE BOOKS
-- 0.00
-- 731079
-- CBU-MAIN LIBRARY (Kitwe)
-- 3
-- 30.00
-- TD 51 Car
-- REFERENCE
-- 028107
-- Reference Collection
995 ## -
-- REFERENCE BOOKS
-- 0.00
-- 735070
-- CBU-MAIN LIBRARY (Kitwe)
-- 4
-- 30.00
-- TD 51 Car
-- REFERENCE
-- 38227
-- Reference Collection
999 ## -
-- 82821
-- 82821
Holdings
Withdrawn status Lost status Source of classification or shelving scheme Damaged status Not for loan Permanent Location Current Location Shelving location Date acquired Total Checkouts Full call number Barcode Date last seen Copy number Price effective from Koha item type
          CBU-MAIN LIBRARY, KITWE. CBU-MAIN LIBRARY, KITWE.   09/29/2023   REF TD 51 Car 027515 09/29/2023 1 09/29/2023 REFERENCE COLLECTION
          CBU-MAIN LIBRARY, KITWE. CBU-MAIN LIBRARY, KITWE.   09/29/2023   REF TD 51 Car 027979 09/29/2023 2 09/29/2023 REFERENCE COLLECTION
          CBU-MAIN LIBRARY, KITWE. CBU-MAIN LIBRARY, KITWE.   09/29/2023   REF TD 51 Car 028107 09/29/2023 3 09/29/2023 REFERENCE COLLECTION
          CBU-MAIN LIBRARY, KITWE. CBU-MAIN LIBRARY, KITWE.   09/29/2023   REF TD 51 Car 38227 09/29/2023 4 09/29/2023 REFERENCE COLLECTION